Finančné výkazy subjektov verejnej správy

Charakteristika finančných výkazov. Finančný výkaz o plnení rozpočtu a nerozpočtových pohyboch na účtoch verejnej správy. Predkladanie finančných výkazov.

Guardado en:
Detalles Bibliográficos
Autor principal: Kordošová, Alena, 1970-
Formato: Capítulo de libro
Lenguaje:eslovaco
Materias:
Etiquetas: Agregar Etiqueta
Sin Etiquetas, Sea el primero en etiquetar este registro!

MARC

LEADER 00000naa a2200000 4500
001 0188967
005 20240502073209.6
041 0 |a slo 
044 |a SK 
245 1 0 |a Finančné výkazy subjektov verejnej správy  |c Alena Kordošová 
520 |a Charakteristika finančných výkazov. Finančný výkaz o plnení rozpočtu a nerozpočtových pohyboch na účtoch verejnej správy. Predkladanie finančných výkazov. 
610 2 0 |a výkazy finančné 
610 2 0 |a Slovensko 
610 2 0 |a správa verejná 
610 2 0 |a pravidlá rozpočtové 
100 1 |a Kordošová, Alena, 1970-